| 000 | 00679nam a2200217 a 4500 | ||
|---|---|---|---|
| 999 |
_c8649 _d8649 |
||
| 001 | 8649 | ||
| 003 | BD-JhCC | ||
| 005 | 20180228184131.0 | ||
| 008 | 180228s১৯৮৬ |||| ||a| 000 0 b d | ||
| 035 | _a(BD-JhCC)8649 | ||
| 040 |
_aBD-JhCC _dBD-JhCC |
||
| 041 | _aben | ||
| 082 |
_a613 _bCHW 1986 |
||
| 100 | _aচৌধরী,শুভাগত. | ||
| 245 |
_aআপনার কুশল, _bদ্বিতীয় খন্ড / _cডাঃশুভাগত চৌধরী। |
||
| 260 |
_aঢাকা : _bমুক্তধারা ; _c১৯৮৬ । |
||
| 300 |
_a৯৫ p. : _c18 cm. |
||
| 651 | _aHealth and Hygiene. | ||
| 942 |
_2lcc _cBK |
||